00521nam a2200169Ia 4500008004100000020001500041041000800056082001300064100004300077245001500120250000600135260004500141300001600186650001900202999001900221952011100240210716s1988 xx 000 0 und d a0673397173 aeng a330 EKER aEkelund, Robert B; Tollison, Robert D. aEconomics. a2 aLondonbScott Foresman and Companyc1988 axl,942,I-12 aEconomics(330) c206085d206085 00102ddc40738MBAaAIMITbAIMITd2011-01-01l0o330 EKERpMBA08651r2025-07-21 00:00:00w2021-07-16yBK